000 00650nam a2200193Ia 4500
003 GCL
008 140319s9999 xx 000 0 ara d
040 _aGCL /
_cGCL
082 0 4 _a796.019
_bم ق
100 1 _aمحمد حسن علاوى
245 1 0 _aالقياس فى التربية الرياضية وعلم النفس الرياضى ط3 /
_cمحمد حسن علاوى
700 1 _aمحمد نصر الدين رضوان
300 _a454 ص
490 _a
650 0 4 _aالتربية البدنية
650 0 4 _aالاختبارات والقياسات التعليمية
650 0 4 _aعلم النفس الرياضى
942 _2ddc
_cBK
999 _c39215
_d39215